000 01073pam a2200289 a 4500
001 1265
005 20240108141829.0
020 _a0060234865 :
020 _a0060234873 (lib. bdg.)
040 _aDLC
_cDLC
_dDLC
_beng
050 0 0 _aPZ7.L58474
_bVo 1995
082 0 0 _a813
_220
100 1 _aLewis, C. S.
_q(Clive Staples),
_d1898-1963.
245 1 4 _aThe voyage of the Dawn Treader /
_cC.S. Lewis ; illustrated by Pauline Baynes
250 _aFirst Scholastic printing, January 1995
260 _aNew York :
_bScholastic,
_c1995
300 _a248 pages :
_billustrations, map ;
_c20 cm
490 1 _aThe Chronicles of Narnia ;
_vBook 5
505 _aU
520 _aLucy and Edmund, accompanied by their peevish cousin Eustace, sail to the land of Narnia where Eustace is temporarily transformed into a green dragon because of his selfish behavior and skepticism.
521 _a970
_bLexile
521 _aU
_bRaz-Plus
650 1 _aFantasy.
700 1 _aBaynes, Pauline
_eillustrator
906 _a7
_bcbc
_corignew
_d1
_eocip
_f19
_gy-gencatlg
942 _2ddc
_cBK
_n0
999 _c1265
_d1265